Reklama v malom a strednom podniku bakalárska práca

Salvato in:
Dettagli Bibliografici
Autore principale: Michalicová, Martina
Ente Autore: Fakulta podnikového manažmentu EU. Katedra manažmentu
Altri autori: Szarková, Miroslava, 1951-
Natura: Libro
Lingua:slovacco
Pubblicazione: Bratislava 2011
Tags: Aggiungi Tag
Nessun Tag, puoi essere il primo ad aggiungerne!!

MARC

LEADER 00000nbm a2200000 4500
001 0140234
005 20161109111713.9
041 0 |a slo 
044 |a SK 
245 1 0 |a Reklama v malom a strednom podniku  |b bakalárska práca  |c Martina Michalicová ; školiteľ: Miroslava Szarková 
264 1 |a Bratislava  |c 2011 
300 |a 42 s. 
100 1 |a Michalicová, Martina 
700 1 |a Szarková, Miroslava, 1951- 
710 2 |a Fakulta podnikového manažmentu EU. Katedra manažmentu